Movies Quiz

Random Movies or Actress Quiz

Movie Cast Bonanza (2000s) Quiz Stats

 Plays Quiz Updated Sep 5, 2012

Challenge
Share
Tweet
Embed
Score 0/20 Timer 07:00
0 Plays Today
% Correct
???
87.1%
???
86.1%
???
77.8%
???
77.2%
???
75.9%
???
74.6%
???
74.4%
???
73.3%
???
73%
???
71.8%
% Correct
???
71.2%
???
69.9%
???
67.7%
???
67.2%
???
63.2%
???
61.3%
???
60.4%
???
52.1%
???
50.7%
???
50.2%

You're not logged in!

Compare scores with friends on all Sporcle quizzes.
Join for Free
OR
Log In

You Might Also Like...

Show Comments

Extras

Top Quizzes Today


Score Distribution

Your Account Isn't Verified!

In order to create a playlist on Sporcle, you need to verify the email address you used during registration. Go to your Sporcle Settings to finish the process.

Report this User

Report this user for behavior that violates our Community Guidelines.

Details: